| 000 | 00894cam a2200217 4500 | ||
|---|---|---|---|
| 001 | ABS62130 | ||
| 008 | 000000n2000 000 0 eng u | ||
| 035 | _a(Sirsi) u105514 | ||
| 100 | _aDalton, E. | ||
| 245 | _aExecuting collateral warranties | ||
| 260 | _c2000 | ||
| 490 |
_aConstruction Law Bulletin _vWinter 1999/2000, 20-21(2) |
||
| 520 | _aConsiders the use of powers of attorney in collateral warranties in the light of the Contracts (Rights to Third Parties) Act 1999 which provides that third parties may directly take the benefit of and enforce rights under contracts. | ||
| 590 | _aABS | ||
| 650 | _aPOWER OF ATTORNEY | ||
| 650 | _aBUILT ENVIRONMENT-BUILDING CONTRACT FORMS-CONSTRUCTION COLLATERAL WARRANTY FORMS | ||
| 650 | _aCONTRACTS (RIGHTS OF THIRD PARTIES) ACT 1999 | ||
| 650 | _aTHIRD PARTIES | ||
| 690 | _aBUILT ENVIRONMENT-BUILDING CONTRACT FORMS | ||
| 942 | _n0 | ||
| 999 |
_c63221 _d63221 |
||